000 00528ntaaa2200181 4500
003 01
005 20251027202736.0
008 0714s1973 ag 01
040 _aAR-BaBN
_bspa
_cAR-BaBN
_eaacr
_dRIC
082 _a745.5 M36
100 _aMary, Frances
_917491
245 _aPintando las plantas de la Biblia /
_cFrances Mary
260 _aBarcelona :
_bPublicaciones Portavoz Evangélico,
_c[19--]
300 _a16 p.
500 _aBAJA PATRIMONIAL POR OBSOLESCENCIA 20190405 INV.029306
650 _aManualidades
942 _cBK
999 _c22694
_d22694